<The> Statistician journal of the Institute of Statisticians

Guardado en:
Detalles Bibliográficos
Formato: Seriadas
Lenguaje:inglés
Publicado: London Longman
Etiquetas: Agregar Etiqueta
Sin Etiquetas, Sea el primero en etiquetar este registro!

MARC

LEADER 00000nas1a2200000$$$4500
001 0020977
005 20250730114822.3
041 0 |a eng 
044 |a GB 
245 1 0 |a <The> Statistician  |b journal of the Institute of Statisticians 
264 1 |a London  |b Longman